00358nam a2200133 a 450000500170000000800410001702000180005805000270007610000200010324500420012326000370016530000100020265000120021220140412111236.0001120s19uu xx 00 eng d a0-590-35606-2 aTR(GS 372.4bW158 1990 aWalling, Elaine aCritical reading C /cElaine Walling. a[s.l.} :bScholastic Inc,c1990. a32 p. aReading